Škola pre dospelých - požiadavky na vzdelávanie v praxi a značka učiteľa učiť sa vedieť učiť

Ako zaujať dospelých poslucháčov. Realizovaný výkon vzdelávača a prospech zo vzdelávacej aktivity. Silné stránky a rezervy pedagógov (andragógov). Budovanie vlastného mena v profesionálnom rozvoji lektorov. Zlepšenie procesu vzdelávania dospelých v podmienkach Slovenska.

Na minha lista:
Detalhes bibliográficos
Autor principal: Burák, Emil
Formato: Capítulo de Livro
Idioma:eslovaco
Assuntos:
Tags: Adicionar Tag
Sem tags, seja o primeiro a adicionar uma tag!

MARC

LEADER 00000naa$a2200000$$$4500
001 0100032
005 20231127101826.9
041 0 |a slo 
044 |a SK 
245 1 0 |a Škola pre dospelých - požiadavky na vzdelávanie v praxi a značka učiteľa  |b učiť sa vedieť učiť  |c Emil Burák 
520 |a Ako zaujať dospelých poslucháčov. Realizovaný výkon vzdelávača a prospech zo vzdelávacej aktivity. Silné stránky a rezervy pedagógov (andragógov). Budovanie vlastného mena v profesionálnom rozvoji lektorov. Zlepšenie procesu vzdelávania dospelých v podmienkach Slovenska. 
610 2 0 |a sebarealizácia 
610 2 0 |a kreativita 
610 2 0 |a prednášky 
610 2 0 |a teória a prax 
610 2 0 |a vzdelávanie ďalšie 
610 2 0 |a dospelí 
610 2 0 |a andragogika 
610 2 0 |a pedagogika 
100 1 |a Burák, Emil